00554nam a2200169 a 450000100100000000500170001000800410002704000250006808200160009310000310010924500460014026000380018630000200022404900090024495201140025399900170036700003154520200930063014.0110627s20uu dr 000 0 spa d aDO-SdBNPbspabBNPHU axxxxbG216p1 aGarcía, Diógenes9845310aPáginas de amor /cDiógenes García. a[Santo Domingo :bs. n.,c20uu?]. a24 p. ;c21 cm. aBNPD 0010718PDaPDbPDcCTd2011-06-27iLF1l0oxxxx G216pp31545-10r2020-06-25w2020-06-25yLFPDZNo se presta c31037d31037